000 00887nam a2200229Ia 4500
003 Ost
005 20260507075007.0
008 260507s9999||||xx |||||||||||||| ||und||
040 _cfsecg
041 _aara
082 _a658.8
100 _aالصيرفي، محمد
_eمؤلف
245 0 _aالتسويق منهج تحليلي مبسط /
_c محمد الصيرفي
260 _aالاسكندرية:
_bدار الوفاء,
_c2008
300 _a271 صفحة؛
_bإيضاحات ؛
_c24 سم
504 _aبيبليوغرافيا: ص.255 (اقتناءات 2014 3ن)
520 _aيوجد في هذا الكتاب مبادئ أساسية في التسويق -الأسواق -عناصر المزيج التسويقي -المنتجات -التسعير -الترويج
653 _aالتسويق
653 _aالتوزيع
653 _aالدعاية
942 _cكتاب
999 _c42121
_d42121